Statistics for Reflected Country Triplets

Click here to take the quiz!

General Stats

  • This quiz has been taken 686 times
  • The average score is 10 of 26

Answer Stats

HintAnswer% Correct
MEXMexico
99%
ZILBrazil
78%
AWIMalawi
62%
LIZBelize
60%
XEMLuxembourg
58%
OTSBotswana
51%
IETVietnam
51%
ARKDenmark
48%
AJITajikistan
46%
GROMontenegro
43%
SSIRussia
43%
IJAAzerbaijan
42%
ORGGeorgia
42%
STOEstonia
41%
ABISaudi Arabia
38%
KRAUkraine
32%
IWATaiwan
31%
IVEMaldives
29%
ISSGuinea-Bissau
23%
ARUBelarus
22%
TEILiechtenstein
21%
ONAMonaco
21%
EVISaint Kitts and Nevis
19%
IBAKiribati
15%
URAHonduras
13%
ANOLebanon
10%

Score Distribution

Percentile by Number Answered

Percent of People with Each Score

Your Score History

You have not taken this quiz